3D [i.e. Third D] art essentials : (Registro nro. 61801)
[ vista simple ]
| 000 -LEADER | |
|---|---|
| fixed length control field | 00720nam a2200217 u 4500 |
| 001 - CONTROL NUMBER | |
| control field | 61801 |
| 005 - DATE AND TIME OF LATEST TRANSACTION | |
| control field | 20180714063557.0 |
| 008 - FIXED-LENGTH DATA ELEMENTS--GENERAL INFORMATION | |
| fixed length control field | 141124s2011 xxua r 000 0 spa d |
| 020 ## - INTERNATIONAL STANDARD BOOK NUMBER | |
| International Standard Book Number | 978-0-240-81471-1 |
| 041 ## - LANGUAGE CODE | |
| Language code of text/sound track or separate title | eng |
| 082 0# - DEWEY DECIMAL CLASSIFICATION NUMBER | |
| Classification number | 006.693 |
| Item number | CHO |
| 100 1# - MAIN ENTRY--PERSONAL NAME | |
| Personal name | Chopine, Ami, |
| Relator term | autor |
| 245 10 - TITLE STATEMENT | |
| Title | 3D [i.e. Third D] art essentials : |
| Remainder of title | the fundamentals of 3D modeling, texturing, and animation / |
| Statement of responsibility, etc. | Ami Chopine. |
| 250 ## - EDITION STATEMENT | |
| Edition statement | First edition. |
| 264 #1 - PRODUCTION, PUBLICATION, DISTRIBUTION, MANUFACTURE, AND COPYRIGHT NOTICE | |
| Place of production, publication, distribution, manufacture | United States : |
| Name of producer, publisher, distributor, manufacturer | Elsevier Inc. |
| Date of production, publication, distribution, manufacture, or copyright notice | 2011 |
| 300 ## - PHYSICAL DESCRIPTION | |
| Extent | xiii, 274 páginas : |
| Other physical details | ilustraciones ; |
| Dimensions | 24 cm. |
| 336 ## - CONTENT TYPE | |
| Content type term | texto |
| Source | rdacontent |
| 337 ## - MEDIA TYPE | |
| Media type term | sin mediación |
| Source | rdamedia |
| 338 ## - CARRIER TYPE | |
| Carrier type term | volumen |
| Source | rdacarrier |
| 650 #0 - SUBJECT ADDED ENTRY--TOPICAL TERM | |
| Topical term or geographic name entry element | Ordenador y animación |
| Withdrawn status | Lost status | Source of classification or shelving scheme | Damaged status | Not for loan | Collection code | Home library | Current library | Shelving location | Date acquired | Source of acquisition | Inventory number | Total Checkouts | Full call number | Barcode | Date last seen | Price effective from | Koha item type | Date last checked out |
|---|---|---|---|---|---|---|---|---|---|---|---|---|---|---|---|---|---|---|
| Dewey Decimal Classification | General | Biblioteca Karol Wojtyla | Biblioteca Karol Wojtyla | Sala general | 24/11/2014 | Compra | 151000000000000000059573 | 006.693 CHO 2011 | 92191 | 05/01/2026 | 24/11/2014 | Libro | ||||||
| Dewey Decimal Classification | General | Biblioteca Karol Wojtyla | Biblioteca Karol Wojtyla | Sala general | 24/11/2014 | Compra | 151000000000000000059574 | 006.693 CHO 2011 | 92192 | 05/01/2026 | 24/11/2014 | Libro | ||||||
| Dewey Decimal Classification | General | Biblioteca Karol Wojtyla | Biblioteca Karol Wojtyla | Sala general | 24/11/2014 | Compra | 151000000000000000059572 | 006.693 CHO 2011 | 92190 | 05/01/2026 | 24/11/2014 | Libro | 06/07/2017 |